000 00614nam a2200229Ia 4500
003 OSt
005 20221005133838.0
006 a|||||r|||| 00| 0
007 ta
008 221004b |||||||| |||| 00| 0 pan d
024 _a27764
037 _cTextual
040 _aCRL
_cCRL
_bpan
041 _2pan
_apan
082 _aY:393, 153L7
100 _aਦਿਲਗੀਰ, ਔਚ. ਔਸ.
245 0 _aਲੋਕ ਸੰਪਰਕ
260 _c1977
650 _aਸਮਾਜ Fਾਸਤਰ
942 _hY:393, 153L7
_cTEXL
_2cc
999 _c1068072
_d1068072